| 000 | 00628nam a2200217 i 4500 | ||
|---|---|---|---|
| 001 | 98456 | ||
| 003 | ES-MaACL | ||
| 005 | 20260104152736.0 | ||
| 007 | t| | ||
| 008 | 050906s1973 sp ||||1| baq d | ||
| 080 | _a891.69-341"19" | ||
| 100 | 1 |
_aPeillen, Txomin. _989979 |
|
| 245 | 1 | 0 |
_aGatu beltza / _cTxomin Peillen ; azala Javier de Villa. |
| 260 |
_aBilbao : _bMensajero, _c[1973] |
||
| 300 |
_a105 p. ; _c18 cm. |
||
| 490 | 1 |
_aGero Euskal Liburual ; _v24 |
|
| 700 | 1 |
_aVilla, Javier de. _9114870 |
|
| 830 | 0 |
_aGero Euskal Liburuak _v24 _9233272 |
|
| 852 |
_aES-MaACL _jC-52917 _bR.86184 |
||
| 999 |
_c98456 _d98456 |
||